Clash royale general knowledge - Statistics

General Stats
  • This quiz has been taken 68 times
    66 since last reset
  • The average score is 8 of 15
Answer Stats
Question Answer % Correct
What card got put into the game to replace a spell Heal spirit
93%
Which of these is not a clash royale game mode Mini draft
82%
Which of these cards are not epic rarity Royal giant
81%
What clash royale card has had years of didgeridoo lessons Dart goblin
77%
What card used to have one more troop Skeletons
65%
What year was clash royale released 2016
61%
What card has never received a change (buff/nerf) Electro spirit
60%
Which of these cards has not received a big rework Evo wall breakers
54%
What champion including abilities, is the least expensive Golden knight
54%
What was the 100th card in clash royale Electro giant
47%
Which of these cards was one not of the 3 original evolutions Archers
46%
As of 2026, how many cards are in the game 121
35%
Which of these are not bald (some may wear a wig) Dark prince
32%
Which arena would you be in if you had 2850 trophies Jungle arena
32%
How many 6 elixir buildings are in the game 3
16%
No matching quizzes found
Score Distribution
Percent of People with Each Score
Percentile by Number Answered
Your Score History
You have not taken this quiz since the last reset